书目信息 |
| 题名: |
东西方艺术辞典
|
|
| 作者: | 戚廷贵 主编 | |
| 分册: | ||
| 出版信息: | 长春 吉林教育出版社 1992.4 |
|
| 页数: | 1566页 | |
| 开本: | 26cm | |
| 丛书名: | ||
| 单 册: | ||
| 中图分类: | J-61 | |
| 科图分类: | ||
| 主题词: | 艺术--世界--词典 , 艺术 | |
| 电子资源: | ||
| ISBN: | 7-5383-1599-3 | |
| 000 | 00799nam0 2200241 45 | |
| 001 | 0193000396 | |
| 005 | 20061118084146.48 | |
| 010 | @a7-5383-1599-3@b精装@dCNY50.00 | |
| 100 | @a19930104d1992 em y0chiy0121 ea | |
| 101 | 0 | @achi |
| 102 | @aCN@b220000 | |
| 105 | @ay e 001yy | |
| 200 | 10 | @a东西方艺术辞典@ADONG XI FANG YI SHU CI DIAN@f戚廷贵等主编@FQI TING GUI DENG ZHU BIAN |
| 210 | @a长春@c吉林教育出版社@d1992.4 | |
| 215 | @a1566页@d26cm | |
| 330 | @a本辞书搜集东西方艺术的重要条目1万余条,分编为6类,即艺术理论、实用艺术、表情艺术、造型艺术、综合艺术、语言艺术。 | |
| 540 | 1 | @a东西方 艺术@ADONG XI FANG YI SHU |
| 606 | @a艺术@y世界@x词典 | |
| 606 | 0 | @a艺术 |
| 690 | @aJ-61@v一版 | |
| 701 | 0 | @a戚廷贵@AQI TING GUI@4主编 |
| 801 | 0 | @aCN@bTSSF@c20061118 |
| 905 | @a10447@dJ-61@e14 | |
| 东西方艺术辞典/戚廷贵等主编.-长春:吉林教育出版社,1992.4 |
| 1566页;26cm |
| ISBN 7-5383-1599-3(精装):CNY50.00 |
| 本辞书搜集东西方艺术的重要条目1万余条,分编为6类,即艺术理论、实用艺术、表情艺术、造型艺术、综合艺术、语言艺术。 |
| ● |
| 相关链接 |
|
|
|
|
正题名:东西方艺术辞典
索取号:J-61/14
 
预约/预借
| 序号 | 登录号 | 条形码 | 馆藏地/架位号 | 状态 | 备注 |
| 1 | 0257625 | 202119536 | 第一样本阅览室/ [索取号:J-61/14] | 在馆 |